000
00265nam a2200109Ia 4500
008
240126s9999 xx 000 0 und d
041
_a
English
245
0
_a
Sys Admin : ceased publication (2002 - Aug.2007)
260
_b
CMP Media
440
_a
NULL
942
_c
JN
999
_c
252580
_d
252580